000 00705nam a2200277 a 4500
003 AR-BaBNM
005 20251128210129.0
008 082120s2002 ||||||||||||||000 | spa||
020 _a950-843-360-4
040 _cAR-BaBNM
100 1 _aGrinberg, LilĂ­
245 0 0 _aCristina y el gasolinero
_buna mirada a Dreyfus
260 _aBuenos Aires
_bVinciguerra
_c1998
300 _a149 p.
_bil.
490 0 _aLa novela universal
650 4 _aLITERATURA ARGENTINA
650 4 _aESCRITORES
650 4 _aLITERATURA CONTEMPORANEA
650 4 _aHISTORIA MODERNA
650 4 _aANTISEMITISMO
650 4 _aNOVELAS
651 4 _aFrancia
655 _aLITERATURA
942 _cBK
998 _cMARTIN
999 _c14175
_d14175